000
00268nam a2200109Ia 4500
008
240126s9999 xx 000 0 und d
041
_a
English
245
0
_a
Quality Progress (1998 -
260
_b
American Society for Quality
_a
Milwaukee
440
_a
I
942
_c
JN
999
_c
254127
_d
254127